[Event "DVM U20 2023"]
[Site "Magdeburg GER"]
[Date "2023.12.30"]
[Round "7"]
[White "Burian, Simon"]
[Black "Reimer, Philip"]
[Result "1-0"]
[Termination "normal"]
[Board "3.1"]
[WhiteElo "2154"]
[BlackElo "2152"]
[WhiteClock "00:42:33"]
[BlackClock "00:04:37"]
[WhiteTeam "SK König Plauen"]
[BlackTeam "SK Lehrte 1919"]
[PlyCount "61"]
[WhiteFideId "12956902"]
[BlackFideId "16235860"]
[EventCountry "GER"]
[EventRounds "7"]
[EventType "team-swiss"]
[EventDate "2023.12.26"]

1. e4 {[%clk 01:30:57]} {[%emt 00:00:01]} c5 {[%clk 01:30:56]} {[%emt
00:00:05]} 2. Nf3 {[%clk 01:31:22]} {[%emt 00:00:05]} e6 {[%clk 01:31:20]}
{[%emt 00:00:06]} 3. d4 {[%clk 01:31:42]} {[%emt 00:00:10]} cxd4 {[%clk
01:31:46]} {[%emt 00:00:05]} 4. Nxd4 {[%clk 01:32:08]} {[%emt 00:00:04]} Nf6
{[%clk 01:32:10]} {[%emt 00:00:05]} 5. Bd3 {[%clk 01:31:55]} {[%emt 00:00:43]}
Nc6 {[%clk 01:32:17]} {[%emt 00:00:23]} 6. Nxc6 {[%clk 01:32:13]} {[%emt
00:00:14]} bxc6 {[%clk 01:32:38]} {[%emt 00:00:06]} 7. O-O {[%clk 01:31:44]}
{[%emt 00:01:01]} d5 {[%clk 01:32:58]} {[%emt 00:00:11]} 8. e5 {[%clk
01:30:13]} {[%emt 00:02:01]} Nd7 {[%clk 01:33:08]} {[%emt 00:00:18]} 9. Re1
{[%clk 01:28:34]} {[%emt 00:02:10]} Be7 {[%clk 01:28:27]} {[%emt 00:05:11]} 10.
Qg4 {[%clk 01:25:05]} {[%emt 00:03:58]} g6 {[%clk 01:19:07]} {[%emt 00:09:51]}
11. Nd2 {[%clk 01:17:35]} {[%emt 00:07:59]} a5 {[%clk 01:07:17]} {[%emt
00:12:20]} 12. Nf3 {[%clk 01:10:44]} {[%emt 00:07:21]} Ba6 {[%clk 01:01:19]}
{[%emt 00:06:28]} 13. Bxa6 {[%clk 01:09:24]} {[%emt 00:01:50]} Rxa6 {[%clk
01:01:30]} {[%emt 00:00:19]} 14. Bh6 {[%clk 01:08:50]} {[%emt 00:01:04]} Bf8
{[%clk 00:59:58]} {[%emt 00:02:02]} 15. Bxf8 {[%clk 01:05:31]} {[%emt
00:03:49]} Kxf8 {[%clk 00:58:52]} {[%emt 00:01:37]} 16. Qf4 {[%clk 01:01:01]}
{[%emt 00:04:59]} Kg7 {[%clk 00:52:17]} {[%emt 00:07:05]} 17. c4 {[%clk
00:56:39]} {[%emt 00:04:52]} Rb6 {[%clk 00:36:47]} {[%emt 00:16:01]} 18. cxd5
{[%clk 00:54:14]} {[%emt 00:02:55]} cxd5 {[%clk 00:35:53]} {[%emt 00:01:24]}
19. b3 {[%clk 00:54:25]} {[%emt 00:00:19]} Rb4 {[%clk 00:34:21]} {[%emt
00:02:02]} 20. Nd4 {[%clk 00:50:46]} {[%emt 00:04:09]} Qa8 {[%clk 00:09:18]}
{[%emt 00:25:33]} 21. a3 {[%clk 00:47:45]} {[%emt 00:03:32]} Rbb8 {[%clk
00:09:32]} {[%emt 00:00:15]} 22. Re3 {[%clk 00:44:39]} {[%emt 00:03:36]} Qb7
{[%clk 00:07:34]} {[%emt 00:02:28]} 23. Rf3 {[%clk 00:43:35]} {[%emt 00:01:34]}
Nc5 {[%clk 00:07:07]} {[%emt 00:00:57]} 24. Qf6+ {[%clk 00:41:44]} {[%emt
00:02:21]} Kg8 {[%clk 00:07:30]} {[%emt 00:00:08]} 25. Nc6 {[%clk 00:41:10]}
{[%emt 00:01:03]} Re8 {[%clk 00:06:46]} {[%emt 00:01:14]} 26. Nd8 {[%clk
00:41:08]} {[%emt 00:00:31]} Rxd8 {[%clk 00:03:15]} {[%emt 00:04:01]} 27. Qxd8+
{[%clk 00:41:30]} {[%emt 00:00:07]} Kg7 {[%clk 00:03:42]} {[%emt 00:00:03]} 28.
Qf6+ {[%clk 00:41:45]} {[%emt 00:00:16]} Kg8 {[%clk 00:04:08]} {[%emt
00:00:05]} 29. Rc1 {[%clk 00:41:56]} {[%emt 00:00:18]} Ne4 {[%clk 00:04:08]}
{[%emt 00:00:30]} 30. Rc8+ {[%clk 00:42:11]} {[%emt 00:00:14]} Qxc8 {[%clk
00:04:37]} {[%emt 00:00:01]} 31. Qxf7# {[%clk 00:42:33]} {[%emt 00:00:06]} 1-0

[Event "DVM U20 2023"]
[Site "Magdeburg GER"]
[Date "2023.12.30"]
[Round "7"]
[White "Dornieden, Jonas"]
[Black "Melestean, Timur"]
[Result "1-0"]
[Termination "normal"]
[Board "3.2"]
[WhiteElo "2036"]
[BlackElo "1892"]
[WhiteClock "00:01:26"]
[BlackClock "00:24:27"]
[WhiteTeam "SK Lehrte 1919"]
[BlackTeam "SK König Plauen"]
[PlyCount "102"]
[WhiteFideId "1336460"]
[BlackFideId "16280385"]
[EventCountry "GER"]
[EventRounds "7"]
[EventType "team-swiss"]
[EventDate "2023.12.26"]

1. e4 {[%clk 01:30:56]} {[%emt 00:00:05]} e5 {[%clk 01:30:57]} {[%emt
00:00:03]} 2. Nf3 {[%clk 01:31:19]} {[%emt 00:00:07]} Nc6 {[%clk 01:31:23]}
{[%emt 00:00:03]} 3. Bc4 {[%clk 01:31:43]} {[%emt 00:00:06]} Bc5 {[%clk
01:31:48]} {[%emt 00:00:05]} 4. Nc3 {[%clk 01:31:58]} {[%emt 00:00:15]} Nf6
{[%clk 01:32:07]} {[%emt 00:00:11]} 5. d3 {[%clk 01:32:18]} {[%emt 00:00:10]}
d6 {[%clk 01:32:36]} {[%emt 00:00:01]} 6. Na4 {[%clk 01:32:20]} {[%emt
00:00:28]} Bb6 {[%clk 01:22:54]} {[%emt 00:10:10]} 7. Nxb6 axb6 {[%clk
01:23:22]} 8. c3 {[%clk 01:30:25]} {[%emt 00:00:16]} h6 {[%clk 01:21:55]}
{[%emt 00:01:56]} 9. h3 {[%clk 01:30:02]} {[%emt 00:00:54]} O-O {[%clk
01:20:05]} {[%emt 00:02:20]} 10. O-O {[%clk 01:29:51]} {[%emt 00:00:40]} Qe8
{[%clk 01:13:08]} {[%emt 00:07:27]} 11. a4 {[%clk 01:19:01]} {[%emt 00:11:20]}
Be6 {[%clk 01:10:30]} {[%emt 00:03:08]} 12. Bxe6 {[%clk 01:05:40]} {[%emt
00:13:52]} Qxe6 {[%clk 01:04:46]} {[%emt 00:06:14]} 13. Nh4 {[%clk 00:50:12]}
{[%emt 00:15:58]} d5 {[%clk 00:59:10]} {[%emt 00:06:06]} 14. Qf3 {[%clk
00:35:50]} {[%emt 00:14:52]} dxe4 {[%clk 00:53:24]} {[%emt 00:06:16]} 15. dxe4
{[%clk 00:36:14]} {[%emt 00:00:05]} Ne7 {[%clk 00:48:09]} {[%emt 00:05:46]} 16.
Re1 {[%clk 00:33:07]} {[%emt 00:03:37]} Ng6 {[%clk 00:43:19]} {[%emt 00:05:20]}
17. Nf5 {[%clk 00:31:37]} {[%emt 00:02:00]} Ra6 {[%clk 00:36:47]} {[%emt
00:07:02]} 18. b4 {[%clk 00:20:41]} {[%emt 00:11:26]} b5 {[%clk 00:36:44]}
{[%emt 00:00:33]} 19. a5 {[%clk 00:14:26]} {[%emt 00:06:44]} Rc6 {[%clk
00:31:54]} {[%emt 00:05:20]} 20. Bd2 {[%clk 00:07:09]} {[%emt 00:07:48]} Re8
{[%clk 00:28:46]} {[%emt 00:03:38]} 21. Qe2 {[%clk 00:05:51]} {[%emt 00:01:47]}
Qc4 {[%clk 00:24:51]} {[%emt 00:04:25]} 22. Qxc4 {[%clk 00:04:58]} {[%emt
00:01:24]} Rxc4 {[%clk 00:25:20]} 23. f3 {[%clk 00:04:52]} {[%emt 00:00:36]}
Rc6 {[%clk 00:25:30]} {[%emt 00:00:19]} 24. Red1 {[%clk 00:04:43]} {[%emt
00:00:39]} Ne7 {[%clk 00:21:10]} {[%emt 00:04:50]} 25. Ne3 {[%clk 00:02:48]}
{[%emt 00:02:25]} Nc8 {[%clk 00:17:19]} {[%emt 00:04:21]} 26. Be1 {[%clk
00:02:50]} {[%emt 00:00:29]} Nd6 {[%clk 00:17:26]} {[%emt 00:00:23]} 27. Kf2
{[%clk 00:01:13]} {[%emt 00:02:06]} Kf8 {[%clk 00:11:59]} {[%emt 00:05:57]} 28.
Rd3 {[%clk 00:00:52]} {[%emt 00:00:52]} Ra8 {[%clk 00:10:41]} {[%emt 00:01:47]}
29. Rc1 {[%clk 00:01:02]} {[%emt 00:00:20]} Ke8 {[%clk 00:08:24]} {[%emt
00:02:48]} 30. g4 {[%clk 00:01:27]} {[%emt 00:00:05]} Rd8 {[%clk 00:08:09]}
{[%emt 00:00:44]} 31. Rcd1 {[%clk 00:01:42]} {[%emt 00:00:16]} Ra8 {[%clk
00:08:17]} {[%emt 00:00:22]} 32. Nf5 {[%clk 00:00:42]} {[%emt 00:01:29]} Nxf5
{[%clk 00:08:36]} {[%emt 00:00:11]} 33. exf5 {[%clk 00:00:58]} {[%emt
00:00:15]} b6 {[%clk 00:06:47]} {[%emt 00:02:19]} 34. axb6 {[%clk 00:01:02]}
{[%emt 00:00:27]} Rxb6 {[%clk 00:06:47]} {[%emt 00:00:29]} 35. Ke3 {[%clk
00:01:21]} {[%emt 00:00:11]} Ke7 {[%clk 00:06:36]} {[%emt 00:00:41]} 36. Bg3
{[%clk 00:01:19]} {[%emt 00:00:32]} c6 {[%clk 00:06:37]} {[%emt 00:00:28]} 37.
Bxe5 {[%clk 00:00:56]} {[%emt 00:00:54]} Nd5+ {[%clk 00:07:01]} {[%emt
00:00:06]} 38. Kd4 {[%clk 00:00:35]} {[%emt 00:00:52]} f6 {[%clk 00:06:57]}
{[%emt 00:00:32]} 39. Bg3 {[%clk 00:01:03]} {[%emt 00:00:02]} Ra3 {[%clk
00:05:13]} {[%emt 00:02:14]} 40. Kc5 {[%clk 00:00:38]} {[%emt 00:00:55]} Rba6
{[%clk 00:05:31]} {[%emt 00:00:12]} 41. Re1+ {[%clk 00:20:38]} {[%emt
00:10:30]} Kf7 {[%clk 00:34:04]} {[%emt 00:01:57]} 42. Rc1 {[%clk 00:14:47]}
{[%emt 00:06:21]} Ke7 {[%clk 00:32:01]} {[%emt 00:02:33]} 43. Bd6+ {[%clk
00:12:04]} {[%emt 00:03:12]} Kf7 {[%clk 00:32:15]} {[%emt 00:00:18]} 44. Kd4
{[%clk 00:11:26]} {[%emt 00:01:07]} g6 {[%clk 00:29:16]} {[%emt 00:03:29]} 45.
fxg6+ {[%clk 00:11:12]} {[%emt 00:00:43]} Kxg6 {[%clk 00:29:45]} {[%emt
00:00:02]} 46. f4 {[%clk 00:06:13]} {[%emt 00:05:29]} Nb6 {[%clk 00:24:50]}
{[%emt 00:05:25]} 47. f5+ {[%clk 00:03:31]} {[%emt 00:03:12]} Kg5 {[%clk
00:24:40]} {[%emt 00:00:40]} 48. Rg3 {[%clk 00:01:23]} {[%emt 00:02:39]} h5
{[%clk 00:24:23]} {[%emt 00:00:46]} 49. h4+ {[%clk 00:01:40]} {[%emt 00:00:13]}
Kh6 {[%clk 00:24:33]} {[%emt 00:00:19]} 50. g5+ {[%clk 00:02:04]} {[%emt
00:00:07]} Kg7 {[%clk 00:24:43]} {[%emt 00:00:19]} 51. Re1 {[%clk 00:01:26]}
{[%emt 00:01:08]} Nd5 {[%clk 00:24:27]} {[%emt 00:00:46]} *

[Event "DVM U20 2023"]
[Site "Magdeburg GER"]
[Date "2023.12.30"]
[Round "7"]
[White "Elstner, Florian"]
[Black "Kieselbach, Marvin"]
[Result "1/2-1/2"]
[Termination "normal"]
[Board "3.3"]
[WhiteElo "1815"]
[BlackElo "1970"]
[WhiteClock "00:13:28"]
[BlackClock "00:29:07"]
[WhiteTeam "SK König Plauen"]
[BlackTeam "SK Lehrte 1919"]
[PlyCount "55"]
[WhiteFideId "16247264"]
[BlackFideId "16235770"]
[EventCountry "GER"]
[EventRounds "7"]
[EventType "team-swiss"]
[EventDate "2023.12.26"]

1. d4 {[%clk 01:30:57]} {[%emt 00:00:01]} Nf6 {[%clk 01:30:53]} {[%emt
00:00:07]} 2. c4 {[%clk 01:31:18]} {[%emt 00:00:10]} e6 {[%clk 01:31:17]}
{[%emt 00:00:06]} 3. Nc3 {[%clk 01:31:01]} {[%emt 00:00:45]} d5 {[%clk
01:30:55]} {[%emt 00:00:53]} 4. cxd5 {[%clk 01:31:25]} {[%emt 00:00:07]} exd5
{[%clk 01:31:02]} {[%emt 00:00:22]} 5. Bg5 {[%clk 01:31:39]} {[%emt 00:00:16]}
Be7 {[%clk 01:31:25]} {[%emt 00:00:06]} 6. e3 {[%emt 00:00:25]} O-O {[%clk
01:31:39]} {[%emt 00:00:03]} 7. Bd3 {[%clk 01:32:16]} {[%emt 00:00:11]} Re8
{[%clk 01:31:14]} {[%emt 00:00:55]} 8. Qc2 {[%clk 01:30:43]} {[%emt 00:02:03]}
h6 {[%clk 01:31:31]} {[%emt 00:00:14]} 9. Bh4 {[%clk 01:31:04]} {[%emt
00:00:09]} c5 {[%clk 01:31:27]} {[%emt 00:00:35]} 10. dxc5 {[%clk 01:25:34]}
{[%emt 00:06:00]} d4 {[%clk 01:31:19]} {[%emt 00:00:38]} 11. Rd1 {[%clk
01:23:44]} {[%emt 00:02:21]} dxc3 {[%clk 01:29:41]} {[%emt 00:02:07]} 12. Bxf6
{[%clk 01:23:46]} {[%emt 00:00:28]} Bxf6 {[%clk 01:29:29]} {[%emt 00:00:43]}
13. Bh7+ {[%clk 01:23:20]} {[%emt 00:00:57]} Kh8 {[%clk 01:29:51]} {[%emt
00:00:07]} 14. Rxd8 {[%clk 01:23:24]} {[%emt 00:00:26]} Rxd8 {[%clk 01:29:52]}
{[%emt 00:00:30]} 15. bxc3 {[%clk 01:07:04]} {[%emt 00:16:50]} g6 {[%clk
01:29:26]} {[%emt 00:00:54]} 16. Bxg6 {[%clk 01:07:02]} {[%emt 00:00:34]} fxg6
{[%clk 01:29:53]} {[%emt 00:00:03]} 17. Qxg6 {[%clk 01:06:30]} {[%emt
00:01:02]} Bxc3+ {[%clk 01:29:57]} {[%emt 00:00:26]} 18. Ke2 {[%clk 01:06:05]}
{[%emt 00:00:54]} Rd2+ {[%clk 00:52:12]} {[%emt 00:38:15]} 19. Kf3 {[%clk
00:54:00]} {[%emt 00:12:35]} Nc6 {[%clk 00:52:26]} {[%emt 00:00:16]} 20. Qxh6+
{[%clk 00:50:01]} {[%emt 00:04:30]} Kg8 {[%clk 00:52:46]} {[%emt 00:00:09]} 21.
Nh3 {[%clk 00:42:50]} {[%emt 00:07:39]} Ne5+ {[%clk 00:43:45]} {[%emt
00:09:33]} 22. Ke4 {[%clk 00:35:53]} {[%emt 00:07:26]} Bd7 {[%clk 00:42:15]}
{[%emt 00:02:01]} 23. Qg5+ {[%clk 00:22:10]} {[%emt 00:14:13]} Kf7 {[%clk
00:37:21]} {[%emt 00:05:23]} 24. Qh5+ {[%clk 00:17:11]} {[%emt 00:05:29]} Kg7
{[%clk 00:29:41]} {[%emt 00:08:09]} 25. Qg5+ {[%clk 00:13:05]} {[%emt
00:04:38]} Kf7 {[%clk 00:29:02]} {[%emt 00:01:09]} 26. Qh5+ {[%clk 00:13:05]}
{[%emt 00:00:31]} Kg7 {[%clk 00:29:23]} {[%emt 00:00:08]} 27. Qg5+ {[%clk
00:13:27]} {[%emt 00:00:09]} Kf7 {[%clk 00:29:07]} {[%emt 00:00:46]} 28. Qh5+
{[%clk 00:13:28]} {[%emt 00:00:27]} 1/2-1/2

[Event "DVM U20 2023"]
[Site "Magdeburg GER"]
[Date "2023.12.30"]
[Round "7"]
[White "Kieselbach, Jannik"]
[Black "Melitzki, Richard"]
[Result "1-0"]
[Termination "normal"]
[Board "3.4"]
[WhiteElo "1914"]
[BlackElo "1819"]
[WhiteClock "00:01:11"]
[BlackClock "00:48:35"]
[WhiteTeam "SK Lehrte 1919"]
[BlackTeam "SK König Plauen"]
[PlyCount "111"]
[WhiteFideId "16246403"]
[BlackFideId "16223420"]
[EventCountry "GER"]
[EventRounds "7"]
[EventType "team-swiss"]
[EventDate "2023.12.26"]

1. e4 {[%clk 01:30:57]} {[%emt 00:00:02]} c5 {[%clk 01:30:56]} {[%emt
00:00:05]} 2. Nf3 {[%clk 01:31:18]} {[%emt 00:00:09]} e6 {[%clk 01:31:17]}
{[%emt 00:00:10]} 3. c3 {[%clk 01:31:40]} {[%emt 00:00:07]} d5 {[%clk
01:31:17]} {[%emt 00:00:29]} 4. exd5 {[%clk 01:31:26]} {[%emt 00:00:45]} Qxd5
{[%clk 01:31:35]} {[%emt 00:00:12]} 5. d4 {[%clk 01:31:37]} {[%emt 00:00:18]}
Nc6 {[%clk 01:31:44]} {[%emt 00:00:21]} 6. Be3 {[%clk 01:25:16]} {[%emt
00:06:52]} cxd4 {[%clk 01:32:05]} {[%emt 00:00:09]} 7. Nxd4 {[%clk 01:25:31]}
{[%emt 00:00:13]} Nf6 {[%clk 01:29:21]} {[%emt 00:03:14]} 8. Nxc6 {[%clk
01:25:52]} {[%emt 00:00:09]} Qxd1+ {[%clk 01:27:44]} {[%emt 00:02:07]} 9. Kxd1
{[%clk 01:26:08]} {[%emt 00:00:14]} bxc6 {[%clk 01:28:11]} {[%emt 00:00:04]}
10. Be2 {[%clk 01:11:22]} {[%emt 00:15:16]} Nd5 {[%clk 01:20:05]} {[%emt
00:08:36]} 11. Bd2 {[%clk 01:10:19]} {[%emt 00:01:33]} Bd6 {[%clk 01:15:30]}
{[%emt 00:05:05]} 12. Bf3 {[%clk 01:09:44]} {[%emt 00:01:04]} Bb7 {[%clk
01:14:26]} {[%emt 00:01:35]} 13. c4 {[%clk 00:58:14]} {[%emt 00:12:01]} Nf6
{[%clk 01:14:21]} {[%emt 00:00:35]} 14. Nc3 {[%clk 00:57:23]} {[%emt 00:01:19]}
O-O-O {[%clk 01:14:33]} {[%emt 00:00:19]} 15. Kc2 {[%clk 00:56:57]} {[%emt
00:00:55]} c5 {[%clk 01:11:30]} {[%emt 00:03:33]} 16. Bxb7+ {[%clk 00:56:53]}
{[%emt 00:00:35]} Kxb7 {[%clk 01:11:55]} {[%emt 00:00:05]} 17. f3 {[%clk
00:55:57]} {[%emt 00:01:27]} a6 {[%clk 01:10:55]} {[%emt 00:01:30]} 18. Rae1
{[%clk 00:54:59]} {[%emt 00:01:28]} Kc6 {[%clk 01:10:01]} {[%emt 00:01:24]} 19.
Ne4 {[%clk 00:49:02]} {[%emt 00:06:27]} Nxe4 {[%clk 01:08:30]} {[%emt
00:02:02]} 20. Rxe4 {[%clk 00:49:15]} {[%emt 00:00:17]} Be7 {[%clk 00:59:38]}
{[%emt 00:09:21]} 21. Bc3 {[%clk 00:49:09]} {[%emt 00:00:35]} Bf6 {[%clk
00:59:41]} {[%emt 00:00:29]} 22. Bxf6 {[%clk 00:46:27]} {[%emt 00:03:11]} gxf6
{[%clk 01:00:01]} {[%emt 00:00:10]} 23. Rd1 {[%clk 00:41:29]} {[%emt 00:05:28]}
Rxd1 {[%clk 00:59:01]} {[%emt 00:01:31]} 24. Kxd1 {[%clk 00:41:53]} {[%emt
00:00:05]} Rg8 {[%clk 00:59:02]} {[%emt 00:00:28]} 25. g3 {[%clk 00:40:18]}
{[%emt 00:02:06]} Kd6 {[%clk 00:57:56]} {[%emt 00:01:36]} 26. Kd2 {[%clk
00:39:45]} {[%emt 00:01:03]} f5 {[%clk 00:56:58]} {[%emt 00:01:29]} 27. Rh4
{[%clk 00:39:23]} {[%emt 00:00:50]} Rg7 {[%clk 00:57:18]} {[%emt 00:00:11]} 28.
b3 {[%clk 00:37:43]} {[%emt 00:02:09]} f6 {[%clk 00:56:32]} {[%emt 00:01:18]}
29. Rh6 {[%clk 00:36:11]} {[%emt 00:02:01]} Rf7 {[%clk 00:53:53]} {[%emt
00:03:10]} 30. Ke3 {[%clk 00:33:51]} {[%emt 00:02:49]} e5 {[%clk 00:53:09]}
{[%emt 00:01:14]} 31. g4 {[%clk 00:30:12]} {[%emt 00:04:09]} Ke6 {[%clk
00:49:14]} {[%emt 00:04:25]} 32. g5 {[%clk 00:28:41]} {[%emt 00:02:02]} Ke7
{[%clk 00:45:12]} {[%emt 00:04:31]} 33. gxf6+ {[%clk 00:28:51]} {[%emt
00:00:20]} Rxf6 {[%clk 00:45:27]} {[%emt 00:00:15]} 34. Rxh7+ {[%clk 00:29:13]}
{[%emt 00:00:08]} Kd8 {[%clk 00:45:45]} {[%emt 00:00:12]} 35. h4 {[%clk
00:19:52]} {[%emt 00:09:51]} Rg6 {[%clk 00:43:36]} {[%emt 00:02:40]} 36. h5
{[%clk 00:17:38]} {[%emt 00:02:43]} Rg5 {[%clk 00:42:22]} {[%emt 00:01:44]} 37.
h6 {[%clk 00:09:49]} {[%emt 00:08:18]} Rh5 {[%clk 00:42:22]} {[%emt 00:00:31]}
38. Rh8+ {[%clk 00:04:20]} {[%emt 00:05:59]} Ke7 {[%clk 00:41:48]} {[%emt
00:01:04]} 39. h7 {[%clk 00:03:03]} {[%emt 00:01:47]} Kf7 {[%clk 00:42:08]}
{[%emt 00:00:10]} 40. Rc8 {[%clk 00:02:47]} {[%emt 00:00:45]} Rxh7 {[%clk
00:42:27]} {[%emt 00:00:12]} 41. Rxc5 {[%clk 00:02:28]} {[%emt 00:00:48]} Kf6
{[%clk 00:42:47]} {[%emt 00:00:11]} 42. Rc6+ {[%clk 00:24:52]} {[%emt
00:08:04]} Kg5 {[%clk 01:13:07]} {[%emt 00:00:11]} 43. Rxa6 {[%clk 00:08:45]}
{[%emt 00:16:37]} Rh3 {[%clk 01:12:55]} {[%emt 00:00:43]} 44. c5 {[%clk
00:06:11]} {[%emt 00:03:04]} e4 {[%clk 01:12:30]} {[%emt 00:00:53]} 45. c6
{[%clk 00:06:10]} {[%emt 00:00:30]} Rxf3+ {[%clk 01:12:50]} {[%emt 00:00:11]}
46. Ke2 {[%clk 00:04:38]} {[%emt 00:02:03]} Kf4 {[%clk 01:09:30]} {[%emt
00:03:50]} 47. b4 {[%clk 00:04:05]} {[%emt 00:01:02]} Rc3 {[%clk 01:09:03]}
{[%emt 00:00:57]} 48. b5 {[%clk 00:03:28]} {[%emt 00:01:07]} Rc2+ {[%clk
01:07:54]} {[%emt 00:01:39]} 49. Kd1 {[%clk 00:03:33]} {[%emt 00:00:25]} Rc5
{[%clk 01:04:44]} {[%emt 00:03:41]} 50. b6 {[%clk 00:02:05]} {[%emt 00:01:58]}
Kf3 {[%clk 00:51:37]} {[%emt 00:13:37]} 51. b7 {[%clk 00:02:01]} {[%emt
00:00:33]} e3 {[%clk 00:49:40]} {[%emt 00:02:29]} 52. Ra3 {[%clk 00:01:17]}
{[%emt 00:01:13]} Rb5 {[%clk 00:48:57]} {[%emt 00:01:14]} 53. Rxe3+ {[%clk
00:00:48]} {[%emt 00:00:59]} Kxe3 {[%clk 00:49:20]} {[%emt 00:00:08]} 54. c7
{[%clk 00:01:10]} {[%emt 00:00:08]} Rd5+ {[%clk 00:48:34]} {[%emt 00:01:15]}
55. Ke1 {[%clk 00:01:06]} {[%emt 00:00:34]} f4 {[%clk 00:48:35]} {[%emt
00:00:29]} 56. c8=Q {[%clk 00:01:11]} {[%emt 00:00:25]} 1-0